Probabilidad y estadística

Gorde:
Xehetasun bibliografikoak
Egile nagusia: Spiegel, Murray R (Egilea)
Formatua: Liburua
Hizkuntza:gaztelania
Argitaratua: Ciudad de México McGraw-Hill 1991
Gaiak:
Etiketak: Etiketa erantsi
Etiketarik gabe, Izan zaitez lehena erregistro honi etiketa jartzen!

MARC

LEADER 00000nam a2200000 a 4500
001 UCT5387
003 CL-VaPUC
008 961206e19910000MX |||||||||||||||||spa|d
082 0 4 |a 519.5  |b SPI  |2 21 
100 0 |a Spiegel, Murray R  |e author  |9 366 
245 1 0 |a Probabilidad y estadística 
300 |a 372 p 
942 |c BK 
945 |d 19961206 00:00:00  |a rleighto 
260 |a Ciudad de México  |b McGraw-Hill  |c 1991 
650 0 |a Probabilidades   |9 260199 
650 0 |a Estadística matemática  |9 260028 
650 0 |a Métodos estadísticos   |9 259407 
583 |a last modification  |c 19961206 00:00:00  |k Rodrigo Vera 
999 |c 254328  |d 254326 
952 |0 0  |1 0  |2 ddc  |4 0  |6 519_500000000000000_SPI_1991  |7 0  |8 A  |9 275929  |a BIBING  |b BIBING  |c RES  |d 2019-11-19  |i 3257401  |o 519.5 SPI 1991  |p 3257401  |r 2025-01-20  |w 2019-11-19  |y BK  |k EIB 
952 |0 0  |1 0  |2 ddc  |4 0  |6 519_500000000000000_SPI_1991  |7 0  |8 A  |9 275930  |a BIBING  |b BIBING  |c RES  |d 2019-11-19  |i 325741K  |o 519.5 SPI 1991  |p 325741K  |r 2025-01-20  |w 2019-11-19  |y BK  |k EIB 
952 |0 0  |1 0  |2 ddc  |4 0  |6 519_500000000000000_SPI_1991  |7 0  |8 A  |9 275931  |a BIBING  |b BIBING  |c RES  |d 2019-11-19  |i 3257428  |o 519.5 SPI 1991  |p 3257428  |r 2025-01-20  |w 2019-11-19  |y BK  |k EIB 
952 |0 0  |1 0  |2 ddc  |4 0  |6 519_500000000000000_SPI_1991  |7 0  |8 A  |9 275932  |a BIBING  |b BIBING  |c RES  |d 2019-11-19  |i 3257436  |o 519.5 SPI 1991  |p 3257436  |r 2025-01-20  |w 2019-11-19  |y BK  |k EIB 
952 |0 0  |1 0  |2 ddc  |4 0  |6 519_500000000000000_SPI_1991  |7 0  |8 A  |9 275933  |a BIBING  |b BIBING  |c RES  |d 2019-11-19  |i 3257444  |o 519.5 SPI 1991  |p 3257444  |r 2025-01-20  |w 2019-11-19  |y BK  |k EIB